<?xml version="1.0" encoding="UTF-8"?>
<collection xmlns="http://www.loc.gov/MARC21/slim">
 <record>
  <leader>00898pamaa2200253   4500</leader>
  <controlfield tag="001">0000048090</controlfield>
  <controlfield tag="005">20130815090000.0</controlfield>
  <controlfield tag="008">101011                             eng  </controlfield>
  <datafield tag="020" ind1="0" ind2="0">
   <subfield code="a">9787811211061 (pbk.) </subfield>
  </datafield>
  <datafield tag="090" ind1="0" ind2="0">
   <subfield code="a">RC48 </subfield>
   <subfield code="b">WEI 2008</subfield>
  </datafield>
  <datafield tag="240" ind1="0" ind2="0">
   <subfield code="a">Wei Changchun-on internal medicine</subfield>
  </datafield>
  <datafield tag="245" ind1="1" ind2="0">
   <subfield code="a">Wei Changchun Lun Nei Ke = </subfield>
   <subfield code="l">Wei Changchun-on internal medicine  </subfield>
   <subfield code="c">Wei Changchun; </subfield>
   <subfield code="f">edited by Zhu Shizeng; </subfield>
   <subfield code="f">edited by Zhu Shizeng; </subfield>
   <subfield code="f">ICompiled by Ma Yue.</subfield>
  </datafield>
  <datafield tag="250" ind1="0" ind2="0">
   <subfield code="a">1st ed.</subfield>
  </datafield>
  <datafield tag="260" ind1="0" ind2="0">
   <subfield code="a">Shanghai, China: </subfield>
   <subfield code="b">Shanghai Chinese Medicine University, </subfield>
   <subfield code="c">2008.</subfield>
  </datafield>
  <datafield tag="300" ind1=" " ind2=" ">
   <subfield code="a">330p: </subfield>
   <subfield code="b">ill.; </subfield>
   <subfield code="c">24 cm.</subfield>
  </datafield>
  <datafield tag="500" ind1="0" ind2="0">
   <subfield code="a">In Chinese</subfield>
  </datafield>
  <datafield tag="501" ind1="0" ind2="0">
   <subfield code="a">FMHS</subfield>
  </datafield>
  <datafield tag="504" ind1="0" ind2="0">
   <subfield code="a">Includes bibliographical references and index</subfield>
  </datafield>
  <datafield tag="600" ind1="1" ind2="0">
   <subfield code="a">Changchun, </subfield>
   <subfield code="h">Wei</subfield>
  </datafield>
  <datafield tag="650" ind1="0" ind2="0">
   <subfield code="a">Internal medicine -- </subfield>
   <subfield code="z">China </subfield>
  </datafield>
  <datafield tag="650" ind1="0" ind2="0">
   <subfield code="a">Traditional Chinese Medicine </subfield>
  </datafield>
  <datafield tag="700" ind1="1" ind2="1">
   <subfield code="a">Shizeng, </subfield>
   <subfield code="h">Zhu </subfield>
  </datafield>
  <datafield tag="700" ind1="1" ind2="1">
   <subfield code="a">Yue, </subfield>
   <subfield code="h">Ma </subfield>
  </datafield>
  <datafield tag="901" ind1=" " ind2=" ">
   <subfield code="u">www.tcmonline.com.cn</subfield>
  </datafield>
 </record>
</collection>
